000 00595nam a2200229 a 4500
001 nice12345678
003 IN_TiNIC
005 20260116014339.0
008 090727s2004 newa grp 000 0 eng
020 _a8190209442
_c20
082 0 0 _a294.3
_bCHA1
100 _aChakravarti, Uma
245 _aSocial Phiolosophy of Buddhism and the Problem of Indequality
260 _aNew Delhi
_bCritical Quest
_c2004
300 _a32p
500 _aincludes index and biblioraphy
650 _aBuddhism
700 1 _aChakravarti, Uma
902 _bSRS
942 _cBK
999 _c14918
_d14918